Online Catalogue and eLibrary

Systemic Crisis: (Record no. 1027)

MARC details
000 -LEADER
fixed length control field 00532nam a2200205Ia 4500
005 - DATE AND TIME OF LATEST TRANSACTION
control field 20250317045813.0
008 - FIXED-LENGTH DATA ELEMENTS--GENERAL INFORMATION
fixed length control field 240331s9999 xx 000 0 und d
020 ## - INTERNATIONAL STANDARD BOOK NUMBER
ISBN 0030553474
082 ## - DDC Classification
Class No. 301
Item Number - Author Mark PER
DDC Edition Number 4085
100 ## - MAIN ENTRY--PERSONAL NAME
Personal name Perdue, W. D
245 #0 - TITLE STATEMENT
Title Systemic Crisis:
Remainder of title Problems in Society, Politics, and World Order
260 ## - PUBLICATION, DISTRIBUTION, ETC.
Place of publication, distribution, etc. Florida,
Name of publisher, distributor, etc. Harcourt Brace Jovanovich
Date of publication, distribution, etc. 1993
300 ## - PHYSICAL DESCRIPTION
Extent (e.g. Volumes, Pages etc.) xix, 588 p.,
650 ## - SUBJECT ADDED ENTRY--TOPICAL TERM
Topical term or geographic name entry element Economy
650 ## - SUBJECT ADDED ENTRY--TOPICAL TERM
Topical term or geographic name entry element Sociology
650 ## - SUBJECT ADDED ENTRY--TOPICAL TERM
Topical term or geographic name entry element Inequality
650 ## - SUBJECT ADDED ENTRY--TOPICAL TERM
Topical term or geographic name entry element Sex
650 ## - SUBJECT ADDED ENTRY--TOPICAL TERM
Topical term or geographic name entry element Ethnicity
942 ## - Koha item type (Biblio)
Koha item type Books in Stacks (Lending)
Holdings
Lost status Damaged status Collection code Home library Current library Shelving location Date acquired Full call number Accession Number Item type
    Lending WERC Library WERC Library Social Science Cupboard 03/31/2024 301 PER 4085 Books in Stacks (Lending)

© WERC Library